000 00284nam a22001337a 4500
008 170915b xxu||||| |||| 00| 0 eng d
020 _a9951413188
041 _aeng
080 _a7
100 _a44
101 _aART
245 _aSTUDIME DEMOGRAFIKE
_cISLAMI.H
942 _2udc
_cBK
999 _c27829
_d27829